000
00368nam a2200145Ia 4500
008
230411s9999 xx 000 0 und d
020
_a
81-8061-837-4
041
_a
eng
082
_a
OG/618.20107/JAC/B03947
100
_a
Jacob Annamma
245
_a
Midwifery casebook
260
_b
Jaypee Brothers
_a
New Delhi
_c
2006
300
_a
422p
999
_c
154729
_d
154729